Statistics for Random Countries by Unique Initial Letter Sequences

Click here to take the quiz!

General Stats

  • This quiz has been taken 471 times
  • The average score is 18 of 21

Answer Stats

LettersCountry% Correct
BAHABahamas
100%
DENDenmark
100%
JAPJapan
100%
NEPNepal
100%
NORTHKNorth Korea
100%
NORWNorway
100%
POLPoland
100%
PORPortugal
100%
TUNTunisia
100%
YEYemen
100%
ZIZimbabwe
100%
ANGAngola
96%
CRCroatia
96%
ESTEstonia
96%
JAMJamaica
96%
SOUTHASouth Africa
96%
SWESweden
96%
TAJTajikistan
96%
BELABelarus
95%
CAMBCambodia
95%
CANCanada
95%
CHILChile
95%
FRFrance
95%
GUINEAGuinea
95%
INDIIndia
95%
INDOIndonesia
95%
LITLithuania
95%
MALAYMalaysia
95%
NIGERINigeria
95%
QQatar
95%
SAUSaudi Arabia
95%
SLOVESlovenia
95%
SOMSomalia
95%
SPSpain
95%
SURSuriname
95%
UNITEDKUnited Kingdom
95%
UNITEDSUnited States
95%
BELGBelgium
94%
MALAWMalawi
94%
MONGMongolia
94%
MOZMozambique
94%
BOLBolivia
93%
BOSBosnia and Herzegovina
93%
BOTBotswana
93%
CAMECameroon
93%
DOMINICADominica
93%
MALTMalta
93%
SAINTKSaint Kitts and Nevis
93%
ALGAlgeria
92%
FINFinland
92%
LEBLebanon
92%
MAURITIMauritius
92%
ALBAlbania
91%
BRABrazil
91%
LIBYLibya
91%
SENSenegal
91%
GAMGambia
90%
GERGermany
90%
ITItaly
90%
LATLatvia
90%
NICNicaragua
90%
RWRwanda
90%
SUDSudan
90%
TAITaiwan
90%
TURKETurkey
90%
ZAZambia
90%
BRUBrunei
89%
IRAQIraq
89%
NIGERNiger
89%
SAINTVSaint Vincent
89%
AFAfghanistan
88%
BAHRBahrain
88%
BULBulgaria
88%
DOMINICANDominican Republic
88%
FIJFiji
88%
GEOGeorgia
88%
HUHungary
88%
MALIMali
88%
MAURITAMauritania
88%
MONAMonaco
88%
TOGTogo
88%
URUruguay
88%
VATVatican City
88%
ARMArmenia
87%
AUSTRAAustralia
87%
CHINChina
87%
CYCyprus
87%
MOLMoldova
87%
RORomania
87%
AUSTRIAustria
86%
GUYGuyana
86%
IRANIran
86%
PAKPakistan
86%
SERSerbia
86%
SLOVASlovakia
86%
GABGabon
85%
GHGhana
85%
KAKazakhstan
85%
MONTMontenegro
85%
RURussia
85%
SYSyria
85%
TURKMTurkmenistan
85%
UZUzbekistan
85%
BURUBurundi
84%
ICIceland
84%
MALDMaldives
84%
SOUTHKSouth Korea
84%
UKUkraine
84%
ARGArgentina
83%
COLColombia
83%
IRIreland
83%
UGUganda
83%
CZCzech Republic
82%
ECEcuador
82%
ESWEswatini
82%
JOJordan
82%
MORMorocco
82%
PAPPapua New Guinea
82%
ELEl Salvador
81%
KEKenya
81%
TANTanzania
81%
ANDAndorra
80%
AZAzerbaijan
79%
BELIBelize
79%
DJDjibouti
79%
KOKosovo
79%
KUKuwait
79%
NAMNamibia
79%
PHPhilippines
79%
SOUTHSSouth Sudan
79%
SRSri Lanka
79%
BENBenin
78%
CAPCape Verde
78%
GUAGuatemala
78%
LAOLaos
78%
LESLesotho
77%
LIBELiberia
77%
GUINEABGuinea-Bissau
76%
SEYSeychelles
76%
THThailand
76%
VANVanuatu
76%
BURKBurkina Faso
75%
GRENGrenada
75%
IVIvory Coast
75%
NORTHMNorth Macedonia
75%
PANPanama
75%
SWISwitzerland
75%
COSCosta Rica
74%
HAHaiti
74%
NEWNew Zealand
74%
SAINTLSaint Lucia
74%
TUVTuvalu
74%
VEVenezuela
74%
LIELiechtenstein
73%
PEPeru
73%
BHBhutan
72%
CUCuba
72%
NETNetherlands
72%
OOman
72%
COMComoros
71%
GREEGreece
71%
PARParaguay
71%
SAMSamoa
71%
PALPalau
70%
MADMadagascar
68%
MYMyanmar
68%
VIVietnam
68%
EQEquatorial Guinea
67%
KIKiribati
67%
NAUNauru
67%
SANSan Marino
67%
UNITEDAUnited Arab Emirates
67%
ETEthiopia
64%
LULuxembourg
64%
BANBangladesh
63%
EGEgypt
63%
SINSingapore
60%
TONTonga
60%
ANTAntigua and Barbuda
58%
TRTrinidad and Tobago
54%
BARBarbados
53%
EREritrea
53%
KYKyrgyzstan
53%
SAOSao Tome and Principe
53%
HOHonduras
52%
MEMexico
52%
ISIsrael
50%
SOLSolomon Islands
50%
EAEast Timor
47%
CHAChad
46%
SIESierra Leone
46%
CECentral African Republic
45%
DEMDem. Rep. Congo
44%
FEFS Micronesia
39%
MARMarshall Islands
20%
RERepublic of the Congo
17%

Score Distribution

Percentile by Number Answered

Percent of People with Each Score

Your Score History

You have not taken this quiz